| 000 | 01021nam a2200241Ia 4500 | ||
|---|---|---|---|
| 003 | Ost | ||
| 005 | 20260507075113.0 | ||
| 008 | 260507s9999||||xx |||||||||||||| ||und|| | ||
| 020 | _aX566855161 | ||
| 040 | _cfsecg | ||
| 041 | _aara | ||
| 082 | _a330 | ||
| 100 |
_aموردان، ميشال بوغنون _eمؤلف |
||
| 245 | 0 |
_aأمريكا التوتاليتارية : _bالولايات المتحدة والعالم / _c ميشال بوغنون موردان |
|
| 260 |
_aبيروت: _bدار الساقي, _c2002 |
||
| 300 |
_a288 صفحة؛ _c24 سم |
||
| 504 | _aببليوغرافيا:ص.5-9؛الملاحق:ص.263-277 | ||
| 520 | _aنحو الأمة المختارة،خضوع الدائرة الثالثة،الشبكة الكونية الأمريكية،استعباد العقول،هل يمكن التخلص من الامبريالية الأمريكية | ||
| 653 | _aالاقتصاد | ||
| 653 | _aأمريكا | ||
| 700 |
_aسالينجر، بيار _eمؤلف ثانوي |
||
| 942 | _cكتاب | ||
| 999 |
_c42954 _d42954 |
||